000 00868 a2200205 4500
001 36318
005 20260407155639.0
008 260407a1971 arg spa d
003 AR-UNSa-BCEJYS
040 _aAR-UNSa-BCEJYS
_bspa
_cAR-UNSa-BCEJYS
080 _a331.103.12
_xAnálisis del puesto de trabajo
245 1 0 _aAnálisis de tareas
264 1 _aMéxico :
_bLimusa
_c1971
300 _a142 p.
_c18 cm.
505 _a1. Definición y objetivos - 2. Los elementos del análisis de tareas - 3. Los sistemas para la recogida de datos: el cuestionario - 4. Obtención de la información mediante entrevista y observación - 5. La hoja de análisis - 6. Aplicaciones del análisis de tareas - 7. Las aplicaciones del análisis de tareas(continuación).
041 _aspa
942 _cBK
590 _aniveau_biblio:m niveau_hierar:0
100 1 _aPuy Hernandez, F.
999 _c2637
_d2637